| 000 | nam a22 7a 4500 | ||
|---|---|---|---|
| 999 |
_c5239 _d5239 |
||
| 005 | 20180614060629.0 | ||
| 008 | 180614b xxu||||| |||| 00| 0 eng d | ||
| 020 |
_a9780465060924 _bhardcover |
||
| 040 |
_beng _cAPEC Schools Library _erda |
||
| 082 |
_aC 523.7809 _bN756s 2016 |
||
| 100 | _aNordgren, Tyler E. | ||
| 245 |
_aSun, moon, earth : _b the history of solar eclipses, from omens of doom to Einstein and exoplanets / _cTyler E. Nordgren |
||
| 264 |
_aNew York, NY : _bBasic Books, _c©2016. _d[2016]. |
||
| 300 |
_axiii, 239 pages ; _c22 cm |
||
| 336 |
_2rdacontent _atext |
||
| 337 |
_2rdamedia _aunmediated |
||
| 338 |
_2rdacarrier _avolume |
||
| 504 | _aIncludes bibliographical references and index | ||
| 505 | _aFrom omen to awe -- A day with two dawns and midnight at noon -- Two worlds one sun -- Shadows across a sea of stars -- As below, so above -- The eclipse that changed the world -- Saros siblings -- The great American eclipse and beyond -- The last total eclipse. | ||
| 520 | _aOne of Amazon's Best Science Books of 2016On August 21, 2017, more than ten million Americans will experience an awe-inspiring phenomenon: the first total eclipse of the sun in America in almost forty years. In Sun Moon Earth , astronomer Tyler Nordgren illustrates how this most seemingly unnatural of natural phenomena was transformed from a fearsome omen to a tourist attraction. From the astrologers of ancient China and Babylon to the high priests of the Maya, Sun Moon Earth takes us around the world to show how different cultures interpreted these dramatic events. Greek philosophers discovered eclipses' cause and used them to measure their world and the cosmos beyond. Victorian-era scientists mounted eclipse expeditions during the age of globe-spanning empires. And modern-day physicists continue to use eclipses to confirm Einstein's theory of relativity.Beautifully illustrated and lyrically written, Sun Moon Earth is the ideal guide for all eclipse watchers and star gazers alike. | ||
| 942 |
_2ddc _cBK |
||